[Event "27.Bayer.Senioren-EM2015"]
[Site "?"]
[Date "2015.06.15"]
[Round "2.26"]
[White "Schiessl, Werner"]
[Black "Abel, Hans-Peter"]
[Result "1-0"]
[WhiteElo "1388"]
[BlackElo "1795"]
[PlyCount "113"]
[EventDate "2015.??.??"]
[WhiteTeam "FVS ASP Hoyerswerda"]
[BlackTeam "SC Leinfelden"]

1. e4 c5 2. Nf3 d6 3. Nc3 g6 4. Bc4 Nc6 5. a3 Bg7 6. Nd5 e6 7. Ne3 Nf6 8. d3 d5
9. exd5 exd5 10. Ba2 d4 11. Nc4 O-O 12. Bf4 Re8+ 13. Nce5 Nxe5 14. Nxe5 Be6 15.
Bxe6 Rxe6 16. O-O Nh5 17. Nxf7 Kxf7 18. Bd2 Qd5 19. c4 dxc3 20. Bxc3 Bxc3 21.
bxc3 Rd8 22. Rb1 b6 23. Qa4 Rd7 24. h3 g5 25. Qg4 Nf6 26. Qa4 Rde7 27. Rbd1 Qc6
28. Qb3 Qd5 29. Qb1 Kg7 30. Qc1 h6 31. Qd2 Re2 32. Qc1 Qa2 33. Rde1 Kf7 34. Kh1
Nd5 35. c4 Nf4 36. Qd1 Kf6 37. Kh2 Rxf2 38. Rxf2 Qxf2 39. Qa1+ Kg6 40. Rg1 Re3
41. Kh1 Re2 42. Qh8 Nh5 43. Qg8+ Ng7 44. Qd5 Qd4 45. Qb7 Qxd3 46. Qxa7 Re6 47.
Qa6 h5 48. Qa4 Nf5 49. Rd1 Ng3+ 50. Kh2 Qe3 51. Qc2+ Qe4 52. Rd3 h4 53. Qd1
Qxc4 54. Rf3 Qe4 55. Qd8 Qe5 56. Qg8+ Qg7 57. Qxe6+ 1-0

[Event "27.Bayer.Senioren-EM2015"]
[Site "?"]
[Date "2015.06.15"]
[Round "2.27"]
[White "Lubberich, Alfred"]
[Black "Koenigl, Anton"]
[Result "0-1"]
[WhiteElo "1616"]
[BlackElo "1767"]
[PlyCount "110"]
[EventDate "2015.??.??"]
[WhiteTeam "SG Nettetal"]
[BlackTeam "FC Ergolding"]

1. Nf3 c5 2. b3 Nf6 3. Bb2 g6 4. e3 Bg7 5. c4 O-O 6. Be2 Nc6 7. O-O d6 8. d4
cxd4 9. exd4 Bf5 10. Bd3 Bxd3 11. Qxd3 Qc7 12. Re1 Rfe8 13. a3 Rad8 14. Nbd2 a5
15. d5 Nb8 16. Qc2 Na6 17. Ne4 Nxd5 18. Bxg7 Kxg7 19. Qb2+ Nf6 20. Rad1 e5 21.
Nxf6 Kxf6 22. Qd2 Kg7 23. Qg5 f6 24. Qg3 Nc5 25. Nd2 Ne6 26. Qd3 Nf4 27. Qe3 d5
28. cxd5 Nxd5 29. Qf3 Qc3 30. Qxc3 Nxc3 31. Rc1 Nd5 32. Nc4 b6 33. Red1 Nf4 34.
Kf1 Nd3 35. Rc2 Nc5 36. Rxd8 Rxd8 37. Nxb6 Nxb3 38. Rc7+ Kh6 39. Nd7 Kg5 40. f3
h5 41. Ke1 Kf5 42. Nc5 Nxc5 43. Rxc5 a4 44. Ra5 Rd4 45. Ke2 g5 46. h3 g4 47.
fxg4+ hxg4 48. h4 g3 49. h5 Kg5 50. Ra6 Rf4 51. Ra8 Kxh5 52. Rh8+ Kg4 53. Rg8+
Kf5 54. Rxg3 Rc4 55. Rg8 Rg4 0-1

[Event "27.Bayer.Senioren-EM2015"]
[Site "?"]
[Date "2015.06.15"]
[Round "2.28"]
[White "Zerweck, Christoph"]
[Black "Wraga, Hermann"]
[Result "1/2-1/2"]
[WhiteElo "1779"]
[BlackElo "1445"]
[PlyCount "36"]
[EventDate "2015.??.??"]
[WhiteTeam "SV Herrenberg"]
[BlackTeam "SG Osnabrück"]

1. e4 d6 2. d4 Nf6 3. Nc3 g6 4. Bg5 Nbd7 5. Qd2 c6 6. Bd3 Qc7 7. f4 e5 8. fxe5
dxe5 9. dxe5 Qxe5 10. Nf3 Qc7 11. e5 Ng4 12. O-O-O Bg7 13. Bc4 Ngxe5 14. Nxe5
Bxe5 15. Bh6 b5 16. Bb3 Nc5 17. Rhe1 Nxb3+ 18. axb3 Be6 1/2-1/2

[Event "27.Bayer.Senioren-EM2015"]
[Site "?"]
[Date "2015.06.15"]
[Round "2.29"]
[White "Otto, Klaus"]
[Black "Willin, Bernhard"]
[Result "0-1"]
[WhiteElo "1550"]
[BlackElo "1691"]
[PlyCount "72"]
[EventDate "2015.??.??"]
[WhiteTeam "SV Triebes"]
[BlackTeam "SC Horben"]

1. e4 d6 2. d4 Nf6 3. Nc3 g6 4. Be3 Bg7 5. Be2 O-O 6. Qd2 Nbd7 7. g4 c5 8. d5
b5 9. Bh6 b4 10. Bxg7 Kxg7 11. g5 Ne8 12. Nd1 Rh8 13. Ne3 h6 14. Nc4 hxg5 15.
Qxg5 Nef6 16. f3 a5 17. a3 Ba6 18. axb4 Bxc4 19. Bxc4 axb4 20. Rxa8 Qxa8 21.
Qc1 Qa5 22. b3 Qa3 23. Kd2 Nh5 24. Ne2 Ne5 25. Rf1 Nxc4+ 26. bxc4 Qa6 27. Qb2+
f6 28. Kd3 Ra8 29. f4 Qc8 30. f5 g5 31. Ra1 Kf7 32. Rxa8 Qxa8 33. c3 bxc3 34.
Kxc3 Qa5+ 35. Kd3 Qe1 36. Qc1 Nf4+ 0-1

[Event "27.Bayer.Senioren-EM2015"]
[Site "?"]
[Date "2015.06.15"]
[Round "2.30"]
[White "Babichev, Vyacheslav"]
[Black "Garms, Ilse"]
[Result "1-0"]
[WhiteElo "1683"]
[BlackElo "1553"]
[PlyCount "87"]
[EventDate "2015.??.??"]
[WhiteTeam "SW Nürnberg Süd"]
[BlackTeam "ESV Eberswalde"]

1. b3 e5 2. Bb2 d6 3. g3 Nc6 4. Bg2 Nf6 5. e3 d5 6. Ne2 Bc5 7. d3 Bf5 8. a3 a5
9. Nd2 Qd7 10. O-O O-O 11. Nf3 Rfe8 12. Nd2 Bh3 13. d4 exd4 14. exd4 Bb6 15. c3
Bxg2 16. Kxg2 Ne7 17. Nf3 Ng6 18. Qd3 Re7 19. Rfe1 Rae8 20. a4 c6 21. Ba3 Re6
22. Ng5 Nf4+ 23. gxf4 Rxe2 24. Rxe2 Qg4+ 25. Kf1 Rxe2 26. Qxe2 h6 27. Qxg4 Nxg4
28. Nf3 Bc7 29. h3 Nf6 30. Ne5 Ne4 31. c4 Nd2+ 32. Kg2 Nxb3 33. Rb1 dxc4 34.
Nxc4 Nxd4 35. Rxb7 Bxf4 36. Nxa5 Nc2 37. Bb4 Nd4 38. Bc5 Ne6 39. Be3 c5 40. Nc4
g5 41. Bxf4 Nxf4+ 42. Kg3 h5 43. a5 Ne2+ 44. Kh2 1-0

[Event "27.Bayer.Senioren-EM2015"]
[Site "?"]
[Date "2015.06.15"]
[Round "2.31"]
[White "Stephan, Hubert"]
[Black "Boldt, Heinrich"]
[Result "0-1"]
[WhiteElo "1527"]
[BlackElo "1682"]
[PlyCount "40"]
[EventDate "2015.??.??"]
[WhiteTeam "SC Prien"]
[BlackTeam "TSV Kareth-Lappersdorf"]

1. e4 c5 2. Nc3 Nc6 3. Bb5 g6 4. Bxc6 bxc6 5. f4 Bg7 6. Nf3 d6 7. d3 Rb8 8. O-O
e6 9. Qe1 Ne7 10. Rb1 O-O 11. Be3 Qa5 12. Qd2 Re8 13. Ng5 Ba6 14. g4 d5 15. Ne2
Qxd2 16. Bxd2 Bxb2 17. Rf2 h6 18. Nh3 dxe4 19. dxe4 Bxe2 20. Rxe2 Bd4+ 0-1

[Event "27.Bayer.Senioren-EM2015"]
[Site "?"]
[Date "2015.06.15"]
[Round "2.32"]
[White "Baumgartner, Andreas"]
[Black "Steffl, Herbert"]
[Result "1/2-1/2"]
[WhiteElo "1677"]
[BlackElo "1539"]
[PlyCount "32"]
[EventDate "2015.??.??"]
[WhiteTeam "ASV J'Adoube Grassau"]
[BlackTeam "ASV J'Adoube Grassau"]

1. d4 d5 2. c4 e6 3. Nc3 Nf6 4. Nf3 dxc4 5. e3 Nbd7 6. Bxc4 b6 7. O-O Bb7 8. b3
Be7 9. Bb2 O-O 10. Rc1 c5 11. dxc5 Nxc5 12. Qe2 Qc8 13. Rcd1 Rd8 14. Rxd8+ Qxd8
15. Rd1 Qe8 16. Nb5 Qc6 1/2-1/2

[Event "27.Bayer.Senioren-EM2015"]
[Site "?"]
[Date "2015.06.15"]
[Round "2.33"]
[White "Aufmwasser, Guenter"]
[Black "Kolkwitz, Klaus"]
[Result "1/2-1/2"]
[WhiteElo "1494"]
[BlackElo "1670"]
[PlyCount "41"]
[EventDate "2015.??.??"]
[WhiteTeam "SV Hilden"]
[BlackTeam "ESV Eberswalde"]

1. f4 d5 2. Nf3 c6 3. e3 Bf5 4. Be2 e6 5. O-O Nf6 6. b3 Be7 7. Bb2 O-O 8. Ne5
h6 9. d3 Nbd7 10. Nd2 Nxe5 11. fxe5 Nd7 12. e4 dxe4 13. Nxe4 Bxe4 14. dxe4 Qc7
15. Qe1 Nxe5 16. Qg3 Qb6+ 17. Kh1 Ng6 18. Bh5 Bg5 19. Bxg6 fxg6 20. h4 Qe3 21.
Qg4 1/2-1/2

[Event "27.Bayer.Senioren-EM2015"]
[Site "?"]
[Date "2015.06.15"]
[Round "2.34"]
[White "Walch, Roger"]
[Black "Sandner, Josef"]
[Result "1/2-1/2"]
[WhiteElo "1666"]
[BlackElo "1507"]
[PlyCount "98"]
[EventDate "2015.??.??"]
[WhiteTeam "SW Nürnberg Süd"]
[BlackTeam "SG Traunstein/Traunreut"]

1. e4 c5 2. Nf3 d6 3. d4 cxd4 4. Nxd4 Nf6 5. Nc3 g6 6. f3 Bg7 7. Be3 O-O 8. Qd2
Nc6 9. O-O-O Nxd4 10. Bxd4 Be6 11. g4 Qa5 12. Kb1 Rfc8 13. g5 Rxc3 14. Qxc3
Qxa2+ 15. Kc1 Rc8 16. Qa3 Qxa3 17. bxa3 Nh5 18. Bxg7 Kxg7 19. Rd4 Nf4 20. h4
Rc3 21. Bd3 Rxa3 22. Kd2 a6 23. Ke3 Nh5 24. f4 f5 25. gxf6+ Nxf6 26. Rg1 Bf7
27. c4 Ra5 28. Rg5 Ra3 29. Kd2 Ra2+ 30. Bc2 Ra3 31. Bd3 Ra2+ 32. Ke3 Rh2 33. e5
Rh3+ 34. Kd2 Ne8 35. Be4 h6 36. Rg2 dxe5 37. fxe5 Rxh4 38. Ke3 Rh5 39. e6 Bxe6
40. Rxg6+ Kf7 41. Rg3 Kf8 42. Bxb7 a5 43. Re4 Bxc4 44. Rxc4 Nd6 45. Rf4+ Nf5+
46. Ke4 e6 47. Rd3 Ke7 48. Bc6 Nd6+ 49. Kd4 e5+ 1/2-1/2

[Event "27.Bayer.Senioren-EM2015"]
[Site "?"]
[Date "2015.06.15"]
[Round "2.35"]
[White "Mahrla, Hans"]
[Black "Jehn, Detlef"]
[Result "1/2-1/2"]
[WhiteElo "1647"]
[BlackElo "1486"]
[PlyCount "73"]
[EventDate "2015.??.??"]
[WhiteTeam "SC Eichenau"]
[BlackTeam "SF Bad Reichenhall"]

1. e4 e5 2. Nf3 d6 3. d4 exd4 4. Nxd4 Be7 5. Bd3 Nf6 6. O-O a6 7. Nc3 O-O 8. h3
c5 9. Nf3 Nc6 10. a3 b5 11. b3 Bb7 12. Be3 Ne5 13. Nxe5 dxe5 14. Bg5 Nd7 15.
Bxe7 Qxe7 16. Nd5 Qd6 17. c4 b4 18. axb4 cxb4 19. Qd2 a5 20. Bc2 Rfd8 21. f4
Qc5+ 22. Kh2 Ra6 23. fxe5 Bxd5 24. exd5 Nxe5 25. Qf4 f6 26. Rae1 Qd6 27. Kh1
Rf8 28. Qe4 g6 29. Qe2 Raa8 30. g4 Rae8 31. Qg2 Nd7 32. Qf2 Nc5 33. Kg2 Re5 34.
Re2 Nd7 35. Rfe1 Rfe8 36. Rxe5 Rxe5 37. Rxe5 1/2-1/2

[Event "27.Bayer.Senioren-EM2015"]
[Site "?"]
[Date "2015.06.15"]
[Round "2.36"]
[White "Peiberg, Ehrhard"]
[Black "Hermann, Josef"]
[Result "0-1"]
[WhiteElo "1469"]
[BlackElo "1645"]
[PlyCount "92"]
[EventDate "2015.??.??"]
[WhiteTeam "SC Erlangen"]
[BlackTeam "TSV Trostberg"]

1. d4 e6 2. c4 d5 3. Nc3 Nc6 4. cxd5 exd5 5. e3 Nf6 6. Bd3 Nb4 7. Bb1 Bd6 8. a3
Nc6 9. Nb5 Be7 10. h3 a6 11. Nc3 O-O 12. Nf3 Bd6 13. Qd3 Re8 14. O-O Ne7 15.
Ba2 Bf5 16. Qe2 c6 17. Nh4 Bc8 18. Bb1 Ng6 19. Nxg6 hxg6 20. b4 Bc7 21. Qf3 Qd6
22. Rd1 g5 23. g4 g6 24. Qg2 Kg7 25. Ne2 Nh7 26. Ng3 a5 27. Bd2 Qe7 28. Bc2
axb4 29. axb4 Rxa1 30. Rxa1 Be6 31. Rb1 b5 32. Bc3 Bd7 33. Bd3 Ra8 34. Ne2 Ra4
35. Bc2 Ra2 36. Bd3 Nf6 37. Qf3 Ne4 38. Bxe4 dxe4 39. d5+ f6 40. Bxf6+ Qxf6 41.
Qxf6+ Kxf6 42. dxc6 Bxc6 43. Nd4 Bd7 44. Kf1 Ra4 45. Nc2 Be6 46. Ke1 Bc4 0-1

[Event "27.Bayer.Senioren-EM2015"]
[Site "?"]
[Date "2015.06.15"]
[Round "2.37"]
[White "Klimpel, Siegfried"]
[Black "Huetter, Heinz"]
[Result "1/2-1/2"]
[WhiteElo "1645"]
[BlackElo "1447"]
[PlyCount "109"]
[EventDate "2015.??.??"]
[WhiteTeam "TSV Kareth-Lappersdorf"]
[BlackTeam "SC Eichenau"]

1. e4 c5 2. Nc3 a6 3. g3 Nc6 4. Nf3 d6 5. Bg2 e6 6. O-O h6 7. d4 cxd4 8. Nxd4
Nge7 9. Be3 Nxd4 10. Qxd4 Nc6 11. Qd2 Be7 12. Rad1 Qc7 13. f4 Bd7 14. f5 Ne5
15. fxe6 Bxe6 16. Nd5 Bxd5 17. Qxd5 Qc6 18. Bd4 Qxd5 19. exd5 f6 20. Bh3 Kd8
21. Bb6+ Ke8 22. b3 Bd8 23. Bd4 Bc7 24. c4 b6 25. Rc1 Kd8 26. a4 a5 27. Be6 Nd7
28. Rce1 Re8 29. Bf7 Rxe1 30. Rxe1 Ne5 31. Bh5 Ke7 32. Kf2 Rf8 33. Bc3 Kd8 34.
Ke3 g6 35. Be2 Re8 36. Kd4 Nd7 37. Bd3 Rxe1 38. Bxe1 Ne5 39. Ke4 Ke7 40. Be2
Nd7 41. Kd4 Ne5 42. g4 Nd7 43. Bd2 g5 44. Ke4 Nc5+ 45. Kf5 Kf7 46. h4 Nxb3 47.
Bc3 Bd8 48. h5 Nc5 49. Bd1 Nd3 50. Bc2 Nc5 51. Be1 Nd7 52. Bb3 Ne5 53. Bg3 Be7
54. Bxe5 fxe5 55. Ke4 1/2-1/2

[Event "27.Bayer.Senioren-EM2015"]
[Site "?"]
[Date "2015.06.15"]
[Round "2.38"]
[White "Oser, Thor"]
[Black "Wilfert, Eva-Maria"]
[Result "1/2-1/2"]
[WhiteElo "1638"]
[BlackElo "1389"]
[PlyCount "67"]
[EventDate "2015.??.??"]
[WhiteTeam "SK Jöhlingen"]
[BlackTeam "PTSV SK Hof"]

1. g3 d5 2. Bg2 Nf6 3. d3 c5 4. Nd2 Nc6 5. e3 Bg4 6. f3 Bd7 7. Ne2 e6 8. O-O
Bd6 9. f4 O-O 10. Nf3 Qb6 11. h3 e5 12. Kh2 e4 13. Nd2 exd3 14. cxd3 Ne7 15. e4
dxe4 16. dxe4 Bb8 17. Nc4 Qc7 18. Nc3 Bc6 19. Ne5 a6 20. Nxc6 Nxc6 21. e5 Rc8
22. Qa4 Nd7 23. Nd5 Qa5 24. Qe4 Re8 25. Rd1 Ba7 26. Bd2 Qd8 27. Bc3 Nd4 28. Ne3
Rb8 29. Nf5 Nf6 30. Qd3 Nd5 31. Nxd4 Nxc3 32. bxc3 cxd4 33. cxd4 b5 34. d5
1/2-1/2

[Event "27.Bayer.Senioren-EM2015"]
[Site "?"]
[Date "2015.06.15"]
[Round "2.39"]
[White "Rosmann, Armin"]
[Black "Schuster, Herbert"]
[Result "1/2-1/2"]
[WhiteElo "1403"]
[BlackElo "1624"]
[PlyCount "74"]
[EventDate "2015.??.??"]
[WhiteTeam "TSV Ebermannstadt"]
[BlackTeam "SK Landshut"]

1. e4 c5 2. Nf3 Nc6 3. Nc3 d6 4. d4 cxd4 5. Nxd4 g6 6. Bc4 e6 7. O-O Bg7 8.
Nde2 a6 9. a3 b5 10. Ba2 Nge7 11. Bf4 Be5 12. Bxe5 Nxe5 13. f4 Qb6+ 14. Qd4
Qxd4+ 15. Nxd4 N5c6 16. Nce2 Bb7 17. f5 Nxd4 18. Nxd4 gxf5 19. exf5 e5 20. f6
Nd5 21. Nf5 O-O-O 22. Bxd5 Bxd5 23. Ne7+ Kd7 24. Nxd5 Kc6 25. Rad1 h5 26. Rf3
Rd7 27. Ne7+ Kb7 28. Nf5 d5 29. Re3 Re8 30. Ng7 Rc8 31. c3 Rc6 32. Nxh5 Re6 33.
g4 Kc6 34. b4 a5 35. g5 axb4 36. axb4 e4 37. Rd4 Re5 1/2-1/2

[Event "27.Bayer.Senioren-EM2015"]
[Site "?"]
[Date "2015.06.15"]
[Round "2.40"]
[White "Schallock, Helmut"]
[Black "Riegler, Markus"]
[Result "1/2-1/2"]
[WhiteElo "1352"]
[BlackElo "1609"]
[PlyCount "83"]
[EventDate "2015.??.??"]
[WhiteTeam "SC Noris-Tarrasch Nürnberg"]
[BlackTeam "SK Mannheim-Lindenhof"]

1. e4 d5 2. exd5 Qxd5 3. Nc3 Qd6 4. d4 Nf6 5. h3 Bf5 6. Nf3 a6 7. Bd3 Bxd3 8.
Qxd3 Nbd7 9. Be3 e6 10. a3 g6 11. O-O Bg7 12. Rad1 O-O 13. Rfe1 Rad8 14. Ne4
Nxe4 15. Qxe4 Qd5 16. Qh4 h5 17. b3 b5 18. Rc1 Nb6 19. Qe7 Qd6 20. Qxd6 cxd6
21. c4 bxc4 22. bxc4 Rc8 23. c5 dxc5 24. Rxc5 Nd7 25. Rxc8 Rxc8 26. Rc1 Rxc1+
27. Bxc1 Nb6 28. Ne5 Bf8 29. f4 Kg7 30. g4 f6 31. Nd3 hxg4 32. hxg4 Kf7 33. Kf2
Ke7 34. Ke3 Kd7 35. Nc5+ Bxc5 36. dxc5 Nc4+ 37. Ke4 f5+ 38. gxf5 gxf5+ 39. Kd3
Na5 40. Bd2 Nb7 41. Kc4 Kc6 42. Be3 1/2-1/2

[Event "27.Bayer.Senioren-EM2015"]
[Site "?"]
[Date "2015.06.15"]
[Round "2.41"]
[White "Reichwald, Klaus"]
[Black "Jagdhuber, Hans"]
[Result "1/2-1/2"]
[WhiteElo "1743"]
[BlackElo "1906"]
[PlyCount "93"]
[EventDate "2015.??.??"]
[WhiteTeam "SC Lohhof"]
[BlackTeam "SK Keres-Augsburg"]

1. e4 g6 2. Nf3 Bg7 3. d4 c6 4. c4 d6 5. Nc3 Nd7 6. Be2 Ngf6 7. O-O O-O 8. h3
e5 9. dxe5 dxe5 10. Qc2 Qc7 11. Be3 Nh5 12. g3 Re8 13. Kh2 Nf8 14. Rad1 Ne6 15.
Qc1 Nf6 16. c5 Nd7 17. b4 a5 18. a3 axb4 19. axb4 b6 20. Bc4 bxc5 21. Bxe6 Rxe6
22. bxc5 Bf8 23. Ng5 Re8 24. Ne2 Ra5 25. Qc4 Nxc5 26. Rc1 Ba6 27. Qc2 Ne6 28.
Nxe6 Rxe6 29. Rfe1 Bxe2 30. Qxe2 c5 31. Rc4 Qa7 32. Rec1 Qa6 33. Qf1 Rc6 34. g4
h6 35. Qe2 Ra4 36. Qf1 Rxc4 37. Qxc4 Qxc4 38. Rxc4 Kg7 39. Kg2 Kf6 40. Kf3 Ke6
41. Ke2 Kd7 42. Kd3 Rc8 43. Ra4 Kc6 44. Kc4 Rb8 45. Ra6+ Rb6 46. Rxb6+ Kxb6 47.
f3 1/2-1/2

[Event "27.Bayer.Senioren-EM2015"]
[Site "?"]
[Date "2015.06.15"]
[Round "2.42"]
[White "Malik, Heinz"]
[Black "Hartlaub, Marianne"]
[Result "1/2-1/2"]
[WhiteElo "1609"]
[BlackElo "1367"]
[PlyCount "44"]
[EventDate "2015.??.??"]
[WhiteTeam "SK Großweil"]
[BlackTeam "SK Klingenberg"]

1. d4 Nf6 2. c4 d6 3. Nf3 Bg4 4. e3 c6 5. Nc3 Nbd7 6. h3 Bxf3 7. Qxf3 e5 8. Bd3
Be7 9. O-O O-O 10. b3 Re8 11. Bb2 Bf8 12. Rfe1 Qc7 13. d5 Nc5 14. e4 Nxd3 15.
Qxd3 a6 16. a4 Qb6 17. Qc2 Rac8 18. a5 Qc7 19. Qd2 h6 20. Na4 Nd7 21. Rac1 Be7
22. Rcd1 c5 1/2-1/2

[Event "27.Bayer.Senioren-EM2015"]
[Site "?"]
[Date "2015.06.15"]
[Round "2.43"]
[White "Lueders, Guenter"]
[Black "Conitz, Helmut"]
[Result "1-0"]
[WhiteElo "1603"]
[BlackElo "1343"]
[PlyCount "93"]
[EventDate "2015.??.??"]
[WhiteTeam "TSV Benshausen"]
[BlackTeam "SF Witzlasreuth"]

1. d4 d5 2. Nf3 Nf6 3. Bf4 e6 4. Nbd2 c6 5. Rc1 h6 6. h3 Bd6 7. Bxd6 Qxd6 8. a3
O-O 9. e3 a5 10. c4 Qe7 11. Bd3 Nfd7 12. Bb1 f5 13. Qc2 g6 14. O-O Rf7 15. cxd5
exd5 16. Ba2 Na6 17. Rfe1 Kh7 18. Bb1 Qf6 19. Nb3 Nc7 20. a4 Ne6 21. Nbd2 c5
22. dxc5 Nexc5 23. Ba2 Qd6 24. Red1 b6 25. Nc4 Qc6 26. Nce5 Nxe5 27. Nxe5 Qxa4
28. Bxd5 Qxc2 29. Rxc2 Rf8 30. Bxa8 Re8 31. Nf3 Ba6 32. Bc6 Re7 33. Rcd2 Kg7
34. Bd5 a4 35. Ba2 Bb5 36. Nd4 Be8 37. Nc2 Ne4 38. Rd8 Nc5 39. Rb8 b5 40. Rdd8
Bc6 41. Rg8+ Kf6 42. h4 Nd7 43. Rbc8 Be4 44. Nd4 b4 45. Nc6 b3 46. Bxb3 axb3
47. Nxe7 1-0

[Event "27.Bayer.Senioren-EM2015"]
[Site "?"]
[Date "2015.06.15"]
[Round "2.44"]
[White "Braeu, Emmi"]
[Black "Breuer, Herbert"]
[Result "0-1"]
[WhiteElo "1321"]
[BlackElo "1594"]
[PlyCount "152"]
[EventDate "2015.??.??"]
[WhiteTeam "SK Marktoberdorf"]
[BlackTeam "SK Bad Aibling"]

1. Nf3 g6 2. c4 Bg7 3. g3 d6 4. Bg2 a5 5. d4 h6 6. Nc3 Nd7 7. O-O c6 8. e4 g5
9. Be3 Nf8 10. Qd3 Ng6 11. Rad1 Nf6 12. e5 Ng4 13. exd6 Qxd6 14. c5 Qc7 15.
Rfe1 Nxe3 16. Rxe3 O-O 17. Rde1 Rd8 18. Ne2 e5 19. Qc3 exd4 20. Nfxd4 h5 21.
Be4 Ne5 22. Qc2 Ng4 23. Rd3 h4 24. Nf3 Rxd3 25. Bxd3 hxg3 26. hxg3 Qd8 27. b3
Be6 28. Bf5 Qf6 29. Ned4 Nh6 30. Bxe6 fxe6 31. Rxe6 Qd8 32. Nf5 Nxf5 33. Qxf5
Qd1+ 34. Kg2 Rf8 35. Qe4 Qc1 36. Re8 Qxc5 37. Qe6+ Kh7 38. Rxf8 Bxf8 39. Qf7+
Bg7 40. Qh5+ Bh6 41. Qf7+ Bg7 42. Qxb7 Qd5 43. Qe7 Kh6 44. g4 c5 45. Qe8 Kh7
46. Qh5+ Bh6 47. Qe8 Qb7 48. Qe5 Qc6 49. Qf5+ Kg8 50. Kh3 a4 51. bxa4 c4 52.
Nxg5 Bxg5 53. Qxg5+ Kf7 54. Qf5+ Kg7 55. Qc2 c3 56. f4 Qh1+ 57. Kg3 Qe1+ 58.
Kf3 Qa1 59. g5 Qb2 60. Qf5 c2 61. Qd7+ Kf8 62. Qc7 Qa3+ 63. Kg4 c1=Q 64. Qb8+
Ke7 65. Qb7+ Kd8 66. Qb6+ Qc7 67. Qf6+ Kc8 68. Qe6+ Qd7 69. Qxd7+ Kxd7 70. g6
Ke7 71. Kg5 Qxa2 72. f5 Qg2+ 73. Kh6 Kf6 74. Kh7 Qh3+ 75. Kg8 Qxf5 76. g7 Qd7
0-1

[Event "27.Bayer.Senioren-EM2015"]
[Site "?"]
[Date "2015.06.15"]
[Round "2.45"]
[White "Kunte, Herbert"]
[Black "Ewald, Frithjof"]
[Result "1-0"]
[WhiteElo "1594"]
[BlackElo "1319"]
[PlyCount "45"]
[EventDate "2015.??.??"]
[WhiteTeam "SK Siemens München"]
[BlackTeam "ASV J'Adoube Grassau"]

1. g3 Nf6 2. c4 g6 3. Bg2 Bg7 4. Nc3 e6 5. e4 Nc6 6. Nge2 Ne5 7. d3 c6 8. O-O
d6 9. h3 h5 10. Bg5 Bh6 11. Bxh6 Rxh6 12. Qd2 Rh7 13. b3 Ng8 14. d4 Nd7 15.
Rad1 Nf8 16. Qe3 Qe7 17. e5 Bd7 18. Ne4 d5 19. Nd6+ Kd8 20. Nxb7+ Kc7 21. Nd6
Nh6 22. c5 Nf5 23. Qd2 1-0

[Event "27.Bayer.Senioren-EM2015"]
[Site "?"]
[Date "2015.06.15"]
[Round "2.46"]
[White "Malik, Rosemarie"]
[Black "Kammel, Rudolf"]
[Result "0-1"]
[WhiteElo "1285"]
[BlackElo "1582"]
[PlyCount "78"]
[EventDate "2015.??.??"]
[WhiteTeam "SK Großweil"]
[BlackTeam "SC Bavaria Regensb."]

1. e4 e6 2. d4 d5 3. exd5 exd5 4. Nf3 Bd6 5. Be3 Ne7 6. Be2 O-O 7. O-O Bf5 8.
Nc3 c6 9. Bd3 Qd7 10. Ne2 Bxd3 11. Qxd3 Qf5 12. Qxf5 Nxf5 13. c3 Nxe3 14. fxe3
Re8 15. Kf2 Nd7 16. Rfe1 Nf6 17. Ng3 Ng4+ 18. Kg1 Bxg3 19. hxg3 f6 20. Re2 Re7
21. Rae1 Rae8 22. Nh4 Rxe3 23. Kf1 Rxe2 24. Rxe2 Rxe2 25. Kxe2 g6 26. Nf3 Kf7
27. b3 Ke6 28. a4 a5 29. b4 axb4 30. cxb4 Kd6 31. Nd2 f5 32. Nb3 Nf6 33. Kf3 g5
34. b5 b6 35. bxc6 Kxc6 36. Nc1 Kb7 37. Nd3 Ka6 38. Nb2 Ka5 39. Ke3 Ne4 0-1

[Event "27.Bayer.Senioren-EM2015"]
[Site "?"]
[Date "2015.06.15"]
[Round "2.47"]
[White "Alefs, Heinz"]
[Black "Jurgan, Brigitte"]
[Result "1/2-1/2"]
[WhiteElo "1567"]
[BlackElo "1236"]
[PlyCount "58"]
[EventDate "2015.??.??"]
[WhiteTeam "SC Eichenau"]
[BlackTeam "ASV J'Adoube Grassau"]

1. d4 d5 2. Bf4 Nf6 3. Nf3 Nc6 4. c4 e6 5. a3 g6 6. Nc3 a6 7. e3 Bg7 8. Be2 O-O
9. O-O Re8 10. Ne5 Nxe5 11. dxe5 Ne4 12. Qc2 Nxc3 13. Qxc3 c6 14. Rfd1 Qe7 15.
Qc2 f6 16. exf6 Qxf6 17. Rab1 e5 18. Bg3 Bf5 19. Bd3 Rad8 20. Bxf5 Qxf5 21. Qb3
Qf7 22. cxd5 cxd5 23. Rbc1 d4 24. Qxf7+ Kxf7 25. exd4 exd4 26. Rc7+ Re7 27.
Rxe7+ Kxe7 28. Re1+ Kf7 29. Be5 d3 1/2-1/2

[Event "27.Bayer.Senioren-EM2015"]
[Site "?"]
[Date "2015.06.15"]
[Round "2.48"]
[White "Schubert, Juergen"]
[Black "Graw, Rolf"]
[Result "0-1"]
[WhiteElo "1124"]
[BlackElo "1563"]
[PlyCount "42"]
[EventDate "2015.??.??"]
[WhiteTeam "Münchener SC"]
[BlackTeam "VfR-SC Koblenz"]

1. d4 f5 2. Bf4 e6 3. Nf3 Nf6 4. e3 b6 5. c4 Bb7 6. Nbd2 Bb4 7. Be2 O-O 8. Bg5
Bxd2+ 9. Qxd2 d6 10. b4 Nbd7 11. O-O Qe8 12. Nh4 Ne4 13. Qb2 Nxg5 14. f4 Ne4
15. Bf3 Rf6 16. Rad1 Rh6 17. Bxe4 Bxe4 18. Nf3 Qh5 19. Qf2 Nf6 20. h3 Ng4 21.
hxg4 Qh1# 0-1

[Event "27.Bayer.Senioren-EM2015"]
[Site "?"]
[Date "2015.06.15"]
[Round "2.49"]
[White "Laber, Dietrich"]
[Black "Schwarzmeier, Christine"]
[Result "1-0"]
[WhiteElo "1561"]
[BlackElo "868"]
[PlyCount "59"]
[EventDate "2015.??.??"]
[WhiteTeam "SF Steinsfurt"]
[BlackTeam "TV Riedenburg"]

1. e4 e5 2. Nf3 Nc6 3. Bb5 Nf6 4. O-O Nxe4 5. Re1 Nf6 6. Nxe5 Nxe5 7. Rxe5+ Be7
8. d4 O-O 9. h3 d6 10. Re1 c6 11. Bd3 d5 12. Nd2 c5 13. dxc5 Bxc5 14. Nf3 Qb6
15. Re2 Be6 16. b3 Rae8 17. Bb2 d4 18. Ne5 Bd5 19. Qd2 Ne4 20. Bxe4 Rxe5 21.
Bxh7+ Kxh7 22. Rxe5 Qd6 23. Qg5 Qg6 24. Qxg6+ fxg6 25. Rxd5 Bb6 26. Bxd4 Rd8
27. Rxd8 Bxd8 28. Bxa7 Bf6 29. Rd1 Kh6 30. Rd7 1-0

[Event "27.Bayer.Senioren-EM2015"]
[Site "?"]
[Date "2015.06.15"]
[Round "3.1"]
[White "Schmidt, Gerhard"]
[Black "Roeder, Gerd"]
[Result "1/2-1/2"]
[WhiteElo "2131"]
[BlackElo "2047"]
[PlyCount "57"]
[EventDate "2015.??.??"]
[WhiteTeam "SC Unterhaching"]
[BlackTeam "SV Altensittenbach"]

1. d4 d5 2. Nf3 Nf6 3. c4 c6 4. Nc3 Bf5 5. e3 e6 6. Bd3 Bxd3 7. Qxd3 Nbd7 8.
O-O Bd6 9. e4 dxe4 10. Nxe4 Nxe4 11. Qxe4 O-O 12. Bg5 Nf6 13. Qe2 h6 14. Bh4
Be7 15. Rad1 Qa5 16. Qc2 Rad8 17. Rfe1 g5 18. Re5 Qb6 19. c5 Qa5 20. Nxg5 hxg5
21. Rxg5+ Kh8 22. Qc1 Nh7 23. Rh5 f6 24. Qh6 Rf7 25. Qg6 Rdf8 26. a3 Rg7 27.
Qe4 Qa4 28. Re1 e5 29. dxe5 1/2-1/2

[Event "27.Bayer.Senioren-EM2015"]
[Site "?"]
[Date "2015.06.15"]
[Round "3.2"]
[White "Kurka, Dieter"]
[Black "Wolf, Walter"]
[Result "1-0"]
[WhiteElo "1931"]
[BlackElo "2084"]
[PlyCount "57"]
[EventDate "2015.??.??"]
[WhiteTeam "Kölner SK Dr. Lasker"]
[BlackTeam "Stuttgarter SF"]

1. d4 g6 2. g3 Bg7 3. Bg2 d6 4. Nf3 f5 5. d5 c6 6. c4 Nf6 7. O-O O-O 8. Nc3 e5
9. dxe6 Bxe6 10. Qd3 Na6 11. Ng5 Qe7 12. Bf4 Rad8 13. Rad1 d5 14. Nxe6 Qxe6 15.
cxd5 cxd5 16. Nxd5 Kh8 17. Qb5 Ne4 18. Nc3 Nac5 19. Nxe4 Nxe4 20. Qxb7 Rxd1 21.
Rxd1 Qxa2 22. Bxe4 fxe4 23. Rd7 Bxb2 24. Rxh7+ Kg8 25. Qxa7 Qc4 26. Rh6 Bg7 27.
Rxg6 Rf7 28. Qe3 Kh8 29. Be5 1-0